000 00944nam a22002297a 4500
999 _c22363
_d22363
003 AR-CdUCM
008 190425b ||||| |||| 00| 0 spa d
040 _aMUNICIPALIDAD PROVINCIAL DEL CUSCO
_cBIBLIOTECA MUNICIPAL DEL CUSCO
082 _aOropesa/N°114/2020
245 _aOropesa :
_brevista de cultura y educación de opinión y crítica /
_cAmérico Valer Vargas, Director
260 _aCusco.
_bPantigozo,
_c2020.
300 _a18 páginas. :
_bilustraciones ;
_c30 cm.
440 _aOropesa.
_nAño XXXVIII, N°114, diciembre 2020.
_947936
505 _aContenido: La educación en tiempos de pandemia. -- Repercusiones ambientales de la pandemia COVID-19. -- El lenguaje y su dialecto. ...
650 _aPolítica cusqueña
_947381
650 _aCultura andina
_947570
650 _aSociedad cusqueña
_947493
650 _aSiglo XXI
_947937
700 _aSolórzano Arenas, Víctor Manuel
_947584
942 _2ddc
_cPP
945 _arac